000 00552nam a2200217Ia 4500
005 20250425162058.0
008 250425s9999 xx 000 0 und d
020 _a9701702557
041 _aspa
082 _a658.4038
100 _aMCLEOD, RAYMOND, JR.
245 0 _aSISTEMAS DE INFORMACION GERENCIAL
250 _a7A ED.
260 _aMEXICO
260 _aMéxico
_bPRENTICE HALL
_c2000
300 _a655
650 _aSISTEMAS DE INFORMACION DE GESTION
700 _aROBERTO ESCALONA GARCIA
_etraductor
942 _c01
010 _a48121
999 _c221912
_d221912